[Event "Olimpiada Calviá 2004"]
[Site "Calviá ESP"]
[Date "2004.10.19"]
[Round "5.28"]
[White "Baburin, Alexander"]
[Black "Juarez Flores, Carlos A"]
[Result "1-0"]
[WhiteElo "2527"]
[BlackElo "2391"]
[PlyCount "79"]
[EventDate "2004.10.15"]
[EventType "team"]
[EventRounds "14"]
[EventCountry "ESP"]
[Source "lmi"]
[SourceDate "2004.10.27"]

1. d4 e6 2. c4 d5 3. Nf3 c5 4. cxd5 exd5 5. g3 Nc6 6. Bg2 c4 7. O-O Bb4 8. b3
cxb3 9. Qxb3 Nge7 10. Ba3 a5 11. Bxb4 axb4 12. Nbd2 O-O 13. a3 Qa5 14. Ra2 Ra6
15. Rfa1 Rb6 16. e3 Bf5 17. axb4 Qxb4 18. Qxb4 Rxb4 19. Ne1 f6 20. h4 Rc8 21.
Bf3 h6 22. h5 Kf7 23. Be2 Rb6 24. g4 Bh7 25. Bd3 Bxd3 26. Nxd3 f5 27. gxf5 Nxf5
28. Nf3 Nce7 29. Nf4 Kg8 30. Ne5 Nd6 31. Neg6 Ndf5 32. Ra8 Rbc6 33. R1a7 Kh7
34. Rxc8 Rxc8 35. Rxb7 Ng8 36. Nxd5 Ra8 37. Ngf4 Rf8 38. Kf1 Rd8 39. Rf7 Nd6
40. Rxg7+ 1-0

[Event "Olimpiada Calviá 2004"]
[Site "Calviá ESP"]
[Date "2004.10.19"]
[Round "5.28"]
[White "Reyes Najera, Carlos A"]
[Black "Kelly, Brian"]
[Result "1/2-1/2"]
[WhiteElo "2186"]
[BlackElo "2494"]
[PlyCount "77"]
[EventDate "2004.10.15"]
[EventType "team"]
[EventRounds "14"]
[EventCountry "ESP"]
[Source "lmi"]
[SourceDate "2004.10.27"]

1. d4 d5 2. c4 c6 3. Nc3 Nf6 4. Nf3 a6 5. a4 e6 6. Bg5 Nbd7 7. cxd5 exd5 8. e3
Be7 9. Bd3 O-O 10. Qc2 Re8 11. O-O a5 12. Rae1 Nf8 13. Ne5 Ng4 14. Bxe7 Rxe7
15. Nxg4 Bxg4 16. f4 f6 17. f5 Bh5 18. Rf4 Qd6 19. Qf2 Rae8 20. e4 dxe4 21.
Bc4+ Bf7 22. Bxf7+ Kxf7 23. Rfxe4 Rxe4 24. Rxe4 Rxe4 25. Nxe4 Qb4 26. Nc3 Nd7
27. Qe3 Nb6 28. h3 Kf8 29. Qf4 Nd7 30. Qd2 Ke7 31. d5 Ne5 32. dxc6 bxc6 33. Qf2
Kd6 34. Qe3 Qc4 35. Ne4+ Kd5 36. Nc3+ Kd6 37. Ne4+ Kd5 38. Nc3+ Kd6 39. Ne4+
1/2-1/2

[Event "Olimpiada Calviá 2004"]
[Site "Calviá ESP"]
[Date "2004.10.19"]
[Round "5.28"]
[White "Collins, Sam E"]
[Black "Figueroa, Marco"]
[Result "1-0"]
[WhiteElo "2387"]
[BlackElo "2126"]
[PlyCount "39"]
[EventDate "2004.10.15"]
[EventType "team"]
[EventRounds "14"]
[EventCountry "ESP"]
[Source "lmi"]
[SourceDate "2004.10.27"]

1. e4 c5 2. c3 d5 3. exd5 Qxd5 4. d4 g6 5. Nf3 Bg7 6. Na3 Bd7 7. Bc4 Qd6 8. Qb3
e6 9. Qxb7 Qc6 10. Qxc6 Bxc6 11. dxc5 Nd7 12. Be3 Rb8 13. O-O-O Ne7 14. Rhe1
Nd5 15. Bxd5 Bxd5 16. Rxd5 exd5 17. Bf4+ Kd8 18. Bxb8 Nxb8 19. Nb5 Nc6 20. Rd1
1-0

[Event "Olimpiada Calviá 2004"]
[Site "Calviá ESP"]
[Date "2004.10.19"]
[Round "5.28"]
[White "Juarez Flores, Guillermo J"]
[Black "Wall, Gavin"]
[Result "1/2-1/2"]
[WhiteElo "2221"]
[BlackElo "2385"]
[PlyCount "72"]
[EventDate "2004.10.15"]
[EventType "team"]
[EventRounds "14"]
[EventCountry "ESP"]
[Source "lmi"]
[SourceDate "2004.10.27"]

1. e4 e5 2. Nf3 d6 3. d4 exd4 4. Nxd4 Nf6 5. Nc3 Be7 6. Bd3 O-O 7. O-O Nc6 8.
Nxc6 bxc6 9. f4 Rb8 10. b3 Re8 11. Bb2 Ng4 12. Qf3 Bf6 13. e5 dxe5 14. Ne4 Rf8
15. Nxf6+ Qxf6 16. h3 Nh6 17. Bxe5 Qe7 18. Rae1 Qc5+ 19. Qf2 Qxf2+ 20. Kxf2 Bf5
21. Bxf5 Nxf5 22. Bxc7 Rb7 23. Be5 f6 24. Bc3 Kf7 25. Rd1 h5 26. g4 hxg4 27.
hxg4 Ne7 28. Bb2 Nd5 29. Kf3 Re8 30. Rfe1 Rh8 31. Kg3 a5 32. a4 Rhb8 33. Ba3
Rxb3+ 34. cxb3 Rxb3+ 35. Kf2 Rxa3 36. Rd4 g5 1/2-1/2

[Event "Olimpiada Calviá 2004"]
[Site "Calviá ESP"]
[Date "2004.10.19"]
[Round "5.29"]
[White "Mateo, Ramon"]
[Black "Barrientos, Sergio"]
[Result "1/2-1/2"]
[WhiteElo "2453"]
[BlackElo "2435"]
[PlyCount "33"]
[EventDate "2004.10.15"]
[EventType "team"]
[EventRounds "14"]
[EventCountry "ESP"]
[Source "lmi"]
[SourceDate "2004.10.27"]

1. d4 Nf6 2. c4 e6 3. Nf3 b6 4. Bg5 Bb7 5. Nc3 Bb4 6. Qd3 h6 7. Bh4 d6 8. a3
Bxc3+ 9. Qxc3 Nbd7 10. e3 Qe7 11. Qc2 g5 12. Bg3 Ne4 13. Nd2 Nxg3 14. hxg3 c5
15. O-O-O O-O-O 16. f3 Kb8 17. Kb1 1/2-1/2

[Event "Olimpiada Calviá 2004"]
[Site "Calviá ESP"]
[Date "2004.10.19"]
[Round "5.29"]
[White "Alzate, Dario"]
[Black "Alvarado, Nelson"]
[Result "1-0"]
[WhiteElo "2427"]
[BlackElo "2290"]
[PlyCount "75"]
[EventDate "2004.10.15"]
[EventType "team"]
[EventRounds "14"]
[EventCountry "ESP"]
[Source "lmi"]
[SourceDate "2004.10.27"]

1. d4 d5 2. c4 c6 3. Nc3 Nf6 4. Nf3 dxc4 5. a4 Bf5 6. Ne5 e6 7. f3 Bb4 8. e4
Bxe4 9. fxe4 Nxe4 10. Bd2 Qxd4 11. Nxe4 Qxe4+ 12. Qe2 Bxd2+ 13. Kxd2 Qd4+ 14.
Kc2 Na6 15. Nxc4 O-O-O 16. Qe5 Nb4+ 17. Kb3 c5 18. Qxd4 Rxd4 19. Be2 Rhd8 20.
Rad1 Nc6 21. Kc3 e5 22. Rhf1 f5 23. b3 g6 24. Rde1 e4 25. g4 Ne7 26. gxf5 gxf5
27. Ne3 Kc7 28. Bc4 Rf8 29. Rf4 Kd6 30. Ref1 Ke5 31. Ng4+ Kd6 32. Kc2 h5 33.
Ne3 Ke5 34. h4 Rd6 35. Be2 Rh6 36. Nc4+ Kd5 37. Rd1+ Kc6 38. Ne5+ 1-0

[Event "Olimpiada Calviá 2004"]
[Site "Calviá ESP"]
[Date "2004.10.19"]
[Round "5.29"]
[White "Sanchez, Victor"]
[Black "Munoz, Lisandro"]
[Result "0-1"]
[WhiteElo "2255"]
[BlackElo "2302"]
[PlyCount "78"]
[EventDate "2004.10.15"]
[EventType "team"]
[EventRounds "14"]
[EventCountry "ESP"]
[Source "lmi"]
[SourceDate "2004.10.27"]

1. e4 e6 2. d4 d5 3. Nc3 Nf6 4. Bg5 Be7 5. e5 Nfd7 6. Bxe7 Qxe7 7. f4 a6 8. Nf3
c5 9. dxc5 Qxc5 10. Qd2 Nc6 11. Bd3 O-O 12. O-O-O b5 13. Rhf1 b4 14. Ne2 a5 15.
Ned4 Nxd4 16. Nxd4 a4 17. Kb1 Kh8 18. Qe1 h6 19. Qf2 a3 20. Nb5 Qc6 21. Qd4 Ba6
22. Nd6 axb2 23. Rf3 Nc5 24. Bxa6 Qxa6 25. Kxb2 Na4+ 26. Kc1 Nc3 27. Rxc3 bxc3
28. Rd3 Qa3+ 29. Kd1 Qxa2 30. Qxc3 Qb1+ 31. Ke2 Ra1 32. Kf3 f6 33. Kg4 Qf1 34.
g3 f5+ 35. Kh4 Ra4 36. Rf3 Qg2 37. h3 g5+ 38. Kh5 Qxh3+ 39. Kg6 Ra7 0-1

[Event "Olimpiada Calviá 2004"]
[Site "Calviá ESP"]
[Date "2004.10.19"]
[Round "5.30"]
[White "Mikheev, Stanislav"]
[Black "Van Der Stricht, Geert"]
[Result "1/2-1/2"]
[WhiteElo "2352"]
[BlackElo "2413"]
[PlyCount "51"]
[EventDate "2004.10.15"]
[EventType "team"]
[EventRounds "14"]
[EventCountry "ESP"]
[Source "lmi"]
[SourceDate "2004.10.27"]

1. e4 c5 2. Nf3 d6 3. d4 cxd4 4. Nxd4 Nf6 5. Nc3 a6 6. Be2 e5 7. Nb3 Be7 8. O-O
Be6 9. Be3 O-O 10. Qd2 Nbd7 11. a4 Nb6 12. Rfd1 Rc8 13. a5 Nc4 14. Bxc4 Rxc4
15. f3 Qc7 16. Nc1 Rc8 17. Qe1 Qc6 18. Nd3 Qe8 19. Bd2 h6 20. b3 R4c7 21. Nb4
d5 22. Ncxd5 Bxd5 23. Nxd5 Rxc2 24. Bb4 Nxd5 25. exd5 Bxb4 26. Qxb4 1/2-1/2

[Event "Olimpiada Calviá 2004"]
[Site "Calviá ESP"]
[Date "2004.10.19"]
[Round "5.30"]
[White "Abolianin, Arthur"]
[Black "Zhidkov, Valery S"]
[Result "1/2-1/2"]
[WhiteElo "2412"]
[BlackElo "2394"]
[PlyCount "32"]
[EventDate "2004.10.15"]
[EventType "team"]
[EventRounds "14"]
[EventCountry "ESP"]
[Source "lmi"]
[SourceDate "2004.10.27"]

1. g3 d5 2. Bg2 Nf6 3. d3 g6 4. Nd2 Bg7 5. e4 e5 6. exd5 Nxd5 7. Ne2 O-O 8. O-O
Nc6 9. Nc3 Nde7 10. Rb1 f5 11. Na4 a5 12. a3 b6 13. b3 Rb8 14. Bb2 Nd4 15. Re1
c5 16. c4 Qc7 1/2-1/2

[Event "Olimpiada Calviá 2004"]
[Site "Calviá ESP"]
[Date "2004.10.19"]
[Round "5.30"]
[White "Talla, Vladimir"]
[Black "Van Beers, Eddy"]
[Result "1/2-1/2"]
[WhiteElo "2385"]
[BlackElo "2383"]
[PlyCount "108"]
[EventDate "2004.10.15"]
[EventType "team"]
[EventRounds "14"]
[EventCountry "ESP"]
[Source "lmi"]
[SourceDate "2004.10.27"]

1. c4 f5 2. g3 Nf6 3. Bg2 g6 4. Nc3 Bg7 5. d3 O-O 6. e4 fxe4 7. dxe4 d6 8. Nge2
c5 9. O-O Nc6 10. f4 Be6 11. b3 Qd7 12. Bb2 Bh3 13. Qd2 e5 14. fxe5 dxe5 15.
Qxd7 Bxd7 16. Nd5 b6 17. h3 Rf7 18. Rad1 Rd8 19. Bc1 Nd4 20. Nxd4 cxd4 21. Ba3
Re8 22. Rde1 h5 23. Nc7 Rc8 24. Nd5 Re8 25. Kh2 Bc8 26. Rf3 Nxd5 27. Rxf7 Kxf7
28. cxd5 Bd7 29. Rf1+ Kg8 30. Rc1 Rc8 31. Rxc8+ Bxc8 32. Bd6 Ba6 33. Bb8 Be2
34. Kg1 a6 35. Bc7 Kf7 36. Bxb6 Bd3 37. Kf2 Bh6 38. Ke1 Bb1 39. h4 d3 40. Ba5
Bxa2 41. Bf1 Bb1 42. Bd2 Bf8 43. Bh3 Bc2 44. Be6+ Ke8 45. Bc8 Bxb3 46. Bxa6 Bc2
47. Bb5+ Kf7 48. Bc4 Bd6 49. Kf2 Bc5+ 50. Kg2 Kf6 51. Kh3 Bd6 52. Kg2 Bc5 53.
Kf1 Ke7 54. Ke1 Kd6 1/2-1/2

[Event "Olimpiada Calviá 2004"]
[Site "Calviá ESP"]
[Date "2004.10.19"]
[Round "5.30"]
[White "Laurent, Bruno"]
[Black "Bieluczyk, Bogdan"]
[Result "1/2-1/2"]
[WhiteElo "2335"]
[BlackElo "2259"]
[PlyCount "101"]
[EventDate "2004.10.15"]
[EventType "team"]
[EventRounds "14"]
[EventCountry "ESP"]
[Source "lmi"]
[SourceDate "2004.10.27"]

1. d4 Nf6 2. c4 d6 3. Nf3 Nbd7 4. Nc3 c6 5. e4 e5 6. Be2 Be7 7. O-O a6 8. Re1
O-O 9. Bf1 Qc7 10. a3 Re8 11. d5 a5 12. Bd2 Nf8 13. b4 axb4 14. axb4 Bd7 15.
Qb3 Rec8 16. b5 Bd8 17. Reb1 cxd5 18. cxd5 Be8 19. Ne1 N8d7 20. Nd3 Nb6 21. Nb2
Nfd7 22. Qb4 Nc5 23. Be3 h6 24. Rxa8 Rxa8 25. Nc4 Nxc4 26. Qxc4 b6 27. Na2 Nxe4
28. Qxe4 Rxa2 29. Bd3 g6 30. Rc1 Qb7 31. Bxh6 Qa8 32. g3 Ra1 33. Rxa1 Qxa1+ 34.
Kg2 Qc3 35. Qe3 Qb4 36. Qe2 Bd7 37. h4 Qd4 38. Bc4 Bf5 39. Be3 Qc3 40. f3 e4
41. f4 Bg4 42. Qxg4 Qxc4 43. h5 Qd3 44. hxg6 Qxe3 45. gxf7+ Kxf7 46. Qe6+ Kf8
47. Qxd6+ Be7 48. Qh6+ Ke8 49. Qc6+ Kd8 50. Qa8+ Kd7 51. Qc6+ 1/2-1/2

[Event "Olimpiada Calviá 2004"]
[Site "Calviá ESP"]
[Date "2004.10.19"]
[Round "5.31"]
[White "Kobese, Watu"]
[Black "Poulsen, Martin"]
[Result "1-0"]
[WhiteElo "2334"]
[BlackElo "2473"]
[PlyCount "99"]
[EventDate "2004.10.15"]
[EventType "team"]
[EventRounds "14"]
[EventCountry "ESP"]
[Source "lmi"]
[SourceDate "2004.10.27"]

1. e4 e5 2. Nf3 Qe7 3. Nc3 c6 4. d4 d6 5. Be2 Bg4 6. O-O g6 7. Bg5 f6 8. Be3
Nh6 9. Qd2 Nf7 10. h3 Bxf3 11. Bxf3 Na6 12. Be2 Nc7 13. f4 exf4 14. Bxf4 Bg7
15. a4 O-O 16. Rae1 b6 17. Bd3 Rad8 18. Kh1 Qd7 19. Bc4 Kh8 20. Rf2 Rfe8 21.
Ref1 Rf8 22. Be2 Qe7 23. Bg4 Ne5 24. Be2 Nf7 25. Bd3 Ne6 26. Be3 Nc7 27. Re1
Rfe8 28. Rfe2 Qf8 29. Rf1 Qe7 30. Bc4 Rf8 31. Bxf7 Rxf7 32. Ref2 Rff8 33. Bf4
Ne6 34. Bg3 Nc7 35. Qd3 Ne6 36. Qc4 f5 37. exf5 d5 38. Qe2 gxf5 39. Rxf5 Rxf5
40. Rxf5 Re8 41. Be5 Bxe5 42. Rxe5 Qf6 43. b4 Re7 44. Qe1 Kg8 45. b5 Kf7 46.
bxc6 Nxd4 47. Rxe7+ Qxe7 48. Qf2+ Qf6 49. Qxf6+ Kxf6 50. c7 1-0

[Event "Olimpiada Calviá 2004"]
[Site "Calviá ESP"]
[Date "2004.10.19"]
[Round "5.31"]
[White "Solomons, Deon"]
[Black "Berg, Olaf"]
[Result "1-0"]
[WhiteElo "2249"]
[BlackElo "2211"]
[PlyCount "99"]
[EventDate "2004.10.15"]
[EventType "team"]
[EventRounds "14"]
[EventCountry "ESP"]
[Source "lmi"]
[SourceDate "2004.10.27"]

1. d4 Nf6 2. c4 c5 3. e3 e6 4. a3 cxd4 5. exd4 d5 6. Nf3 Nc6 7. Nc3 Be7 8. Bd3
O-O 9. O-O dxc4 10. Bxc4 a6 11. Bg5 h6 12. Bh4 b5 13. Ba2 Bb7 14. Bb1 Qb6 15.
Qd3 g6 16. Re1 Nh5 17. Bg3 Ng7 18. Be5 Nf5 19. Ne4 f6 20. Bf4 Ncxd4 21. Nxd4
Qxd4 22. Qh3 g5 23. Bd2 Kg7 24. Bc3 Qd7 25. Ba2 Bd5 26. Rad1 Rad8 27. Ba5 Bxa2
28. Rxd7 Rxd7 29. Bb4 Bxb4 30. axb4 Rfd8 31. Qc3 Nd4 32. h3 Bc4 33. Kh2 Kg6 34.
Nc5 Re7 35. b3 Nxb3 36. Nxb3 Rd3 37. Qc2 f5 38. Nc5 Rd6 39. g4 Rc7 40. gxf5+
exf5 41. Qc3 a5 42. Ne6 Rf7 43. Nc5 Rc6 44. Re8 Ra7 45. Nd3 axb4 46. Ne5+ Kf6
47. Qxb4 Re6 48. Qf8+ Kxe5 49. Qc5+ Kf4 50. Rxe6 1-0

[Event "Olimpiada Calviá 2004"]
[Site "Calviá ESP"]
[Date "2004.10.19"]
[Round "5.31"]
[White "Rodgaard, John"]
[Black "Gluckman, Jonathan"]
[Result "1-0"]
[WhiteElo "2310"]
[BlackElo "2194"]
[PlyCount "47"]
[EventDate "2004.10.15"]
[EventType "team"]
[EventRounds "14"]
[EventCountry "ESP"]
[Source "lmi"]
[SourceDate "2004.10.27"]

1. Nf3 d6 2. d4 Bg4 3. c4 c6 4. Nc3 Nd7 5. e4 e5 6. Be2 Be7 7. O-O Bxf3 8. Bxf3
Ngf6 9. Be3 a6 10. b4 exd4 11. Bxd4 c5 12. bxc5 dxc5 13. Be3 Qc7 14. Rb1 Rb8
15. g3 Ne5 16. Be2 O-O 17. f4 Rfd8 18. Nd5 Nxd5 19. cxd5 Nd7 20. e5 Bf8 21. d6
Qa5 22. Bc4 g6 23. Bd2 Qa3 24. Rf3 1-0

[Event "Olimpiada Calviá 2004"]
[Site "Calviá ESP"]
[Date "2004.10.19"]
[Round "5.32"]
[White "Denny, Kevin"]
[Black "Zambrana, Osvaldo"]
[Result "0-1"]
[WhiteElo "2334"]
[BlackElo "2473"]
[PlyCount "94"]
[EventDate "2004.10.15"]
[EventType "team"]
[EventRounds "14"]
[EventCountry "ESP"]
[Source "lmi"]
[SourceDate "2004.10.27"]

1. e4 c5 2. Nf3 Nc6 3. Bb5 g6 4. O-O Bg7 5. c3 Nf6 6. Re1 O-O 7. h3 Qb6 8. Bf1
d6 9. d3 a6 10. Nbd2 Rd8 11. Nc4 Qc7 12. a4 d5 13. exd5 Nxd5 14. g3 Bf5 15. a5
Re8 16. Qb3 Rad8 17. Ng5 h6 18. Ne4 Na7 19. Bg2 Nb5 20. Bd2 Be6 21. Qc2 Bc8 22.
Bc1 Kh7 23. Ned2 e5 24. Nf3 Na7 25. Bd2 Nc6 26. Qb3 Bf5 27. Qc2 g5 28. Bf1 Kg8
29. Qa4 Qd7 30. Kh2 Nc7 31. Be3 Bxd3 32. Bxc5 Qd5 33. Bxd3 Qxc5 34. Bf1 e4 35.
Nd4 Nxd4 36. cxd4 Bxd4 37. Ne3 Bxe3 38. Rxe3 Rd2 39. Kg1 Re6 40. Rd1 Rxd1 41.
Qxd1 Nd5 42. Re2 e3 43. f3 Qd6 44. Kh2 h5 45. Bg2 h4 46. f4 hxg3+ 47. Kh1 Nxf4
0-1

[Event "Olimpiada Calviá 2004"]
[Site "Calviá ESP"]
[Date "2004.10.19"]
[Round "5.32"]
[White "Cueto, Jhonny"]
[Black "Warner, Delisle"]
[Result "1-0"]
[WhiteElo "2306"]
[BlackElo "2291"]
[PlyCount "65"]
[EventDate "2004.10.15"]
[EventType "team"]
[EventRounds "14"]
[EventCountry "ESP"]
[Source "lmi"]
[SourceDate "2004.10.27"]

1. e4 e6 2. d4 d5 3. e5 c5 4. c3 Nc6 5. Nf3 Qb6 6. Bd3 Bd7 7. dxc5 Bxc5 8. Qe2
f6 9. b4 Be7 10. Be3 Qc7 11. Bf4 f5 12. h4 h5 13. O-O Nh6 14. Nbd2 Ng4 15. a3
O-O 16. c4 dxc4 17. Bxc4 a6 18. Rac1 b5 19. Ba2 Qb6 20. Nb3 a5 21. Nc5 Bxc5 22.
bxc5 Qc7 23. Rfd1 a4 24. Ng5 Rfe8 25. Rd6 Qc8 26. Qd3 Re7 27. Qxf5 g6 28. Qxg6+
Rg7 29. Qxh5 Ncxe5 30. Bxe5 Nxe5 31. Nxe6 Nc4 32. Nxg7 Qxc5 33. Qxc5 1-0

[Event "Olimpiada Calviá 2004"]
[Site "Calviá ESP"]
[Date "2004.10.19"]
[Round "5.32"]
[White "Corbin, Philip"]
[Black "Cruz, Alfredo"]
[Result "1-0"]
[WhiteElo "2242"]
[BlackElo "2179"]
[PlyCount "135"]
[EventDate "2004.10.15"]
[EventType "team"]
[EventRounds "14"]
[EventCountry "ESP"]
[Source "lmi"]
[SourceDate "2004.10.27"]

1. e4 c5 2. d4 cxd4 3. c3 d3 4. c4 Nc6 5. Bxd3 d6 6. Nc3 g6 7. Be3 Nf6 8. f3
Bg7 9. Nge2 O-O 10. O-O b6 11. Rc1 Bb7 12. b3 Re8 13. Qe1 e6 14. Qh4 Nd7 15.
Qg3 Nde5 16. Bb1 f5 17. Rcd1 Qe7 18. Bg5 Qf8 19. Nb5 Nf7 20. Nc7 Nxg5 21. Nxe8
Rxe8 22. Qxg5 Ne5 23. Qd2 Nf7 24. Nc3 Qe7 25. Rfe1 Qd8 26. Nb5 Qb8 27. exf5
gxf5 28. Nd4 Qc8 29. Qe3 Bh6 30. Qf2 Kh8 31. Nb5 Qd8 32. Nxd6 Nxd6 33. Qd4+ Bg7
34. Qxd6 Qg5 35. Qg3 Qe7 36. Qf4 Bc3 37. Re2 Rg8 38. Qxf5 Qg7 39. Qxh7+ Qxh7
40. Bxh7 Kxh7 41. Rd7+ Rg7 42. Rxg7+ Kxg7 43. Rxe6 Kf7 44. Rd6 Ke7 45. Rd3 Bb2
46. g4 Bc8 47. Kg2 a5 48. h4 Be6 49. a4 Be5 50. Re3 Kf6 51. Re4 Bd7 52. Kh3 Bc6
53. Re3 Bf4 54. Rd3 Ke5 55. h5 Bc1 56. c5 bxc5 57. Rc3 Bd2 58. Rxc5+ Bd5 59. h6
Bxh6 60. Rxa5 Bd2 61. Rb5 Kd4 62. Kg3 Bc6 63. Rb6 Kc5 64. Rxc6+ Kxc6 65. f4 Kc5
66. g5 Kd5 67. Kf3 Kd4 68. g6 1-0

[Event "Olimpiada Calviá 2004"]
[Site "Calviá ESP"]
[Date "2004.10.19"]
[Round "5.33"]
[White "Rahman, Ziaur"]
[Black "Galego, Luis"]
[Result "1-0"]
[WhiteElo "2535"]
[BlackElo "2515"]
[PlyCount "57"]
[EventDate "2004.10.15"]
[EventType "team"]
[EventRounds "14"]
[EventCountry "ESP"]
[Source "lmi"]
[SourceDate "2004.10.27"]

1. Nf3 Nf6 2. c4 c5 3. Nc3 g6 4. d4 cxd4 5. Nxd4 Bg7 6. e4 d6 7. Be2 O-O 8. O-O
Nc6 9. Be3 Nxd4 10. Bxd4 Be6 11. f4 Qa5 12. Qd3 Rfc8 13. b3 Nd7 14. f5 Ne5 15.
Qe3 Bd7 16. Nd5 Qd8 17. Rad1 b6 18. Qg5 f6 19. Qg3 Qe8 20. Bxe5 dxe5 21. fxg6
hxg6 22. Qxg6 Qxg6 23. Nxe7+ Kf7 24. Nxg6 Kxg6 25. Rxd7 Rd8 26. Rfd1 Rxd7 27.
Rxd7 Bf8 28. Bg4 Kg5 29. Bf5 1-0

[Event "Olimpiada Calviá 2004"]
[Site "Calviá ESP"]
[Date "2004.10.19"]
[Round "5.33"]
[White "Fernandes, Antonio"]
[Black "Reefat, Bin-Sattar"]
[Result "0-1"]
[WhiteElo "2431"]
[BlackElo "2462"]
[PlyCount "54"]
[EventDate "2004.10.15"]
[EventType "team"]
[EventRounds "14"]
[EventCountry "ESP"]
[Source "lmi"]
[SourceDate "2004.10.27"]

1. d4 d5 2. c4 c6 3. Nf3 Nf6 4. Nc3 dxc4 5. a4 Bf5 6. Ne5 Nbd7 7. Nxc4 Qc7 8.
g3 e5 9. dxe5 Nxe5 10. Bf4 Nfd7 11. Bg2 g5 12. Nxe5 gxf4 13. Nxd7 O-O-O 14. Qd4
Qxd7 15. Qxf4 Bd6 16. Qh6 Kb8 17. O-O Qe6 18. Qh4 h5 19. Rad1 Bg4 20. Bf3 Rdg8
21. Rxd6 Qxd6 22. Rd1 Qe5 23. Ne4 Kc7 24. Rc1 Rd8 25. Rc3 Rd4 26. Re3 Rhd8 27.
Ng5 Qa5 0-1

[Event "Olimpiada Calviá 2004"]
[Site "Calviá ESP"]
[Date "2004.10.19"]
[Round "5.33"]
[White "Hossain, Enamul"]
[Black "Rocha, Sergio"]
[Result "1-0"]
[WhiteElo "2413"]
[BlackElo "2431"]
[PlyCount "103"]
[EventDate "2004.10.15"]
[EventType "team"]
[EventRounds "14"]
[EventCountry "ESP"]
[Source "lmi"]
[SourceDate "2004.10.27"]

1. e4 e6 2. d4 d5 3. Nc3 Bb4 4. e5 Ne7 5. a3 Bxc3+ 6. bxc3 b6 7. a4 Ba6 8. Bxa6
Nxa6 9. a5 Qc8 10. Ba3 c5 11. Ne2 O-O 12. O-O Nb8 13. Nf4 Nd7 14. Qf3 Ng6 15.
Nd3 Qc7 16. Ra2 f6 17. Qh3 Rae8 18. axb6 axb6 19. f4 f5 20. Qe3 Ra8 21. Rfa1
Ra7 22. dxc5 Rfa8 23. cxb6 Qxb6 24. Bc5 Rxa2 25. Bxb6 Rxa1+ 26. Kf2 Rb1 27. Bd4
h5 28. Kg3 h4+ 29. Kh3 Rf1 30. Qd2 Kf7 31. Be3 Rc8 32. g3 hxg3 33. hxg3 Ne7 34.
Ne1 Rh1+ 35. Kg2 Rh6 36. Nf3 Kg8 37. Qd3 Nf8 38. Bd4 Nh7 39. Qa6 Kf7 40. Qa7 g5
41. Bc5 Re8 42. Nd4 Nf8 43. Nb5 Nfg6 44. Nd6+ Kf8 45. fxg5 Rh7 46. Qd7 Ra8 47.
Qxe6 Ra2 48. Bb4 Rxc2+ 49. Kf3 f4 50. Nf5 fxg3 51. Qc8+ Kf7 52. e6# 1-0

[Event "Olimpiada Calviá 2004"]
[Site "Calviá ESP"]
[Date "2004.10.19"]
[Round "5.33"]
[White "Vitor, Antonio"]
[Black "Ahmed, Sk  Nasir"]
[Result "1-0"]
[WhiteElo "2319"]
[BlackElo "2359"]
[PlyCount "95"]
[EventDate "2004.10.15"]
[EventType "team"]
[EventRounds "14"]
[EventCountry "ESP"]
[Source "lmi"]
[SourceDate "2004.10.27"]

1. b3 e5 2. Bb2 Nc6 3. e3 Nf6 4. c4 g6 5. Nf3 d6 6. d4 exd4 7. Nxd4 Nxd4 8.
Qxd4 Bg7 9. Nc3 O-O 10. Be2 Ng4 11. Qd2 Ne5 12. O-O Be6 13. Rae1 Qd7 14. Rd1
Rad8 15. Qc1 f5 16. c5 Nf7 17. cxd6 Nxd6 18. Nb5 Bxb2 19. Qxb2 a6 20. Nxd6 cxd6
21. Rd4 Qf7 22. Rfd1 d5 23. Bf3 Rd7 24. h4 Rfd8 25. g3 h6 26. R4d2 Qg7 27. Qd4
Qxd4 28. Rxd4 Kg7 29. Rc1 Kf6 30. Kf1 Rd6 31. Ke1 Ke5 32. Kd2 R6d7 33. Be2 Kf6
34. Rc5 Ke7 35. a4 Kd6 36. b4 Rc7 37. Rxc7 Kxc7 38. a5 Rd6 39. Rd3 Bd7 40. Rc3+
Bc6 41. Kd3 Kd7 42. Kd4 Re6 43. Bf3 Rd6 44. Kc5 Ke6 45. Be2 Kd7 46. Bf3 Ke6 47.
Bd1 Rd8 48. Bb3 1-0

[Event "Olimpiada Calviá 2004"]
[Site "Calviá ESP"]
[Date "2004.10.19"]
[Round "5.34"]
[White "Zilberman, Nathan R"]
[Black "Russell, M K A."]
[Result "1-0"]
[WhiteElo "2338"]
[BlackElo "2221"]
[PlyCount "65"]
[EventDate "2004.10.15"]
[EventType "team"]
[EventRounds "14"]
[EventCountry "ESP"]
[Source "lmi"]
[SourceDate "2004.10.27"]

1. d4 Nf6 2. c4 e6 3. Nc3 Bb4 4. e3 O-O 5. Nge2 d5 6. a3 Be7 7. cxd5 exd5 8. g3
Bg4 9. Bg2 c6 10. h3 Bf5 11. O-O Re8 12. g4 Be4 13. f3 Bg6 14. Nf4 Nbd7 15.
Nxg6 hxg6 16. e4 c5 17. e5 Nh7 18. Nxd5 cxd4 19. Nxe7+ Rxe7 20. f4 Nb6 21. b3
Rc8 22. Ra2 Rec7 23. Bd2 Nd5 24. Qf3 Nc3 25. Raa1 d3 26. Kh2 f5 27. gxf5 gxf5
28. Bxc3 Rxc3 29. Qxb7 Rc2 30. Rad1 Kf8 31. Rf3 R2c3 32. Rg3 R8c7 33. Qa6 1-0

[Event "Olimpiada Calviá 2004"]
[Site "Calviá ESP"]
[Date "2004.10.19"]
[Round "5.34"]
[White "Weeramantry, Sunil"]
[Black "Ilinsky, Vladimir"]
[Result "1/2-1/2"]
[WhiteElo "2231"]
[BlackElo "2331"]
[PlyCount "81"]
[EventDate "2004.10.15"]
[EventType "team"]
[EventRounds "14"]
[EventCountry "ESP"]
[Source "lmi"]
[SourceDate "2004.10.27"]

1. e4 c5 2. Nc3 Nc6 3. f4 e6 4. Nf3 d5 5. Bb5 Nf6 6. e5 Nd7 7. Bxc6 bxc6 8. d3
Be7 9. O-O O-O 10. Ne2 f6 11. Qe1 Re8 12. c4 Qc7 13. Qg3 a5 14. b3 a4 15. Bb2
f5 16. Nd2 Nb6 17. Rfd1 Bd7 18. Nc3 Reb8 19. Rab1 axb3 20. axb3 Be8 21. Qf3 Qd7
22. Ne2 Bg6 23. Bc3 Qe8 24. Ra1 Bh5 25. Qf1 h6 26. Rdb1 Kh7 27. Ng3 Bf7 28.
Rxa8 Rxa8 29. Ra1 Nd7 30. Rxa8 Qxa8 31. Qa1 Qb7 32. Ne2 Nf8 33. Kf2 g5 34. g3
Bh5 35. Qa4 Ng6 36. Nf3 Nf8 37. Bd2 g4 38. Ne1 Nd7 39. Ba5 Nb8 40. Nc2 Bf7 41.
Bd2 1/2-1/2

[Event "Olimpiada Calviá 2004"]
[Site "Calviá ESP"]
[Date "2004.10.19"]
[Round "5.34"]
[White "Edirisinghe, Dulan"]
[Black "Turpanov, Milan"]
[Result "0-1"]
[WhiteElo "2175"]
[BlackElo "2307"]
[PlyCount "82"]
[EventDate "2004.10.15"]
[EventType "team"]
[EventRounds "14"]
[EventCountry "ESP"]
[Source "lmi"]
[SourceDate "2004.10.27"]

1. d4 d5 2. Nf3 Nf6 3. c3 Bf5 4. Qb3 Qc8 5. Bg5 e6 6. e3 Be7 7. Nbd2 h6 8. Bh4
O-O 9. Be2 c5 10. c4 dxc4 11. Nxc4 cxd4 12. Nxd4 Be4 13. Bxf6 gxf6 14. Bf3 Bxf3
15. Nxf3 Nc6 16. O-O Rd8 17. Rac1 Qc7 18. Rfd1 Rac8 19. Na3 f5 20. Qc3 Rxd1+
21. Rxd1 Rd8 22. Rc1 Rd5 23. g3 Rc5 24. Qd2 Ne5 25. Rxc5 Nxf3+ 26. Kg2 Nh4+ 27.
gxh4 Qxc5 28. h5 f4 29. e4 Qg5+ 30. Kf1 Qh4 31. f3 Qh3+ 32. Qg2+ Qxg2+ 33. Kxg2
Bxa3 34. bxa3 Kg7 35. Kf2 Kf6 36. Ke2 Kg5 37. Kd3 Kxh5 38. Kd4 Kh4 39. Ke5 Kh3
40. Kxf4 Kxh2 41. Kg4 Kg2 0-1